000 00241nam a22001217a 4500
020 _a0-7214-1660-8
082 _a823
_bSEW/B
245 _aBLACK BEAUTY
260 _aUK
_bLADY BIRD
300 _a51
650 _aENGLISH STORY
_zUK
942 _cBK
999 _c1962
_d1962